Sports Quiz

Random Sports or Baseball Quiz

2017 MLB Strikeout Leaders Quiz Stats

 Plays Quiz Updated Nov 8, 2017

Challenge
Share
Tweet
Embed
Score 0/100 Timer 10:00
1 Play Today
Ks Pitcher % Correct
308Chris Sale
92.2%
219Justin Verlander
88.3%
268Max Scherzer
87.9%
265Corey Kluber
87.5%
202Clayton Kershaw
82.8%
209Yu Darvish
79.2%
249Chris Archer
76.4%
215Zack Greinke
73.9%
204Stephen Strasburg
73.5%
239Jacob deGrom
72.5%
230Luis Severino
70.6%
180Jon Lester
65.1%
207Jose Quintana
62.7%
194Masahiro Tanaka
62.6%
163Jake Arrieta
62.4%
120CC Sabathia
61.9%
188Gio Gonzalez
60.6%
217Carlos Martinez
60.2%
153Sonny Gray
60%
112Jon Gray
59.7%
196Gerrit Cole
58.3%
226Carlos Carrasco
56.9%
125Dallas Keuchel
55.3%
196Trevor Bauer
53.3%
218Robbie Ray
52.6%
181Rick Porcello
49.7%
136Johnny Cueto
49.1%
166Rich Hill
48.7%
164Marcus Stroman
47.8%
167Ervin Santana
46.2%
132Lance McCullers
42.3%
184Aaron Nola
40.7%
151Alex Wood
37.9%
149John Lackey
37.4%
Ks Pitcher % Correct
163Charlie Morton
36.2%
129Jaime Garcia
35.6%
123Kyle Hendricks
33.8%
145Danny Salazar
33.8%
205Jeff Samardzija
33.6%
166Tanner Roark
30.7%
179Kevin Gausman
30.6%
199Jimmy Nelson
30.2%
153Lance Lynn
30%
150Eduardo Rodriguez
29.6%
176Marco Estrada
29.4%
174Drew Pomeranz
29.4%
151Julio Teheran
27.5%
133Chase Anderson
26.8%
128Alex Cobb
26.1%
146Taijuan Walker
25.6%
152Dylan Bundy
25.6%
158Michael Wacha
25.2%
136R.A. Dickey
25%
156James Paxton
24.7%
126Craig Kimbrel
24.3%
178Patrick Corbin
23.3%
139Ubaldo Jimenez
23.1%
142J.A. Happ
23%
161Brad Peacock
22%
140Kenta Maeda
21.9%
130Danny Duffy
21.7%
148Matt Moore
21.5%
151Clayton Richard
21.2%
124Zach Davies
20.5%
130Mike Leake
19.4%
134Jason Vargas
18%
144Jordan Montgomery
17.5%
131Ivan Nova
17.5%
Ks Pitcher % Correct
139Jose Berrios
17.2%
116Hyun-Jin Ryu
16.5%
117Trevor Williams
16.1%
131Ian Kennedy
15.5%
114Michael Fulmer
15.1%
165Zack Godley
15.1%
170Dan Straily
14.5%
146Mike Fiers
13.9%
153Jhoulys Chacin
13.9%
127Jake Odorizzi
13.9%
137Mike Clevinger
13.5%
145Jason Hammel
13.1%
125Jameson Taillon
13%
142Wade Miley
12.9%
113Jose Urena
11.3%
115Martin Perez
11.2%
120Tyler Chatwood
10.9%
147German Marquez
9.9%
143Ricky Nolasco
9.9%
119Blake Snell
9.6%
140Sean Manaea
8.7%
143Mike Foltynewicz
8.2%
121Kyle Gibson
8.2%
126Corey Knebel
7.9%
118Jerad Eickhoff
7.7%
142Chad Kuhl
6.7%
118Luis Perdomo
6%
139Dinelson Lamet
5.7%
114Rafael Montero
5.1%
137Ariel Miranda
5.1%
140Nick Pivetta
4.9%
119Jesse Chavez
3.6%

You're not logged in!

Compare scores with friends on all Sporcle quizzes.
OR
Log In

You Might Also Like...

Show Comments

Extras

Top Quizzes Today


Score Distribution

Your Account Isn't Verified!

In order to create a playlist on Sporcle, you need to verify the email address you used during registration. Go to your Sporcle Settings to finish the process.

Report this User

Report this user for behavior that violates our Community Guidelines.

Details: